The Oxford dictionary of philosophy / (Record no. 3806)
[ view plain ]
| 000 -LEADER | |
|---|---|
| fixed length control field | 00608cam a2200193 a 4500 |
| 020 ## - INTERNATIONAL STANDARD BOOK NUMBER | |
| ISBN | 9780198610144 (hbk) |
| 020 ## - INTERNATIONAL STANDARD BOOK NUMBER | |
| ISBN | 0198610149 (hbk) |
| 020 ## - INTERNATIONAL STANDARD BOOK NUMBER | |
| ISBN | 9780198610137 (pbk.) |
| 020 ## - INTERNATIONAL STANDARD BOOK NUMBER | |
| ISBN | 0198610130 (pbk.) |
| 050 00 - CALL NUMBER | |
| Classification number | B41 |
| Item number | .B53 2005 |
| 100 1# - AUTHOR | |
| Personal name | Blackburn, Simon, |
| 245 14 - TITLE | |
| Title | The Oxford dictionary of philosophy / |
| Statement of responsibility, etc | Simon Blackburn. |
| 250 ## - EDITION | |
| Edition statement | 2nd ed. |
| 260 ## - PUBLICATION INFORMATION | |
| Place of publication | Oxford ; |
| -- | New York : |
| Name of publisher | Oxford University Press, |
| Year of publication | 2005. |
| 300 ## - DESCRIPTION | |
| Number of Pages | viii, 407 p. : |
| Other physical details | ill. ; |
| Dimensions | 24 cm. |
| 505 ## - FORMATTED CONTENTS NOTE | |
| Table of Content | preface to the second edition<br/>preface to the first edition |
| 650 #0 - SUBJECTS | |
| Topical Term | Philosophy |
| General subdivision | Dictionaries. |
| 942 ## - ADDED ENTRY ELEMENTS (KOHA) | |
| Koha item type | Books |
| Withdrawn status | Lost status | Collection code | Home library | Current library | Shelving location | Date acquired | Full call number | Accession Number | Koha item type |
|---|---|---|---|---|---|---|---|---|---|
| Reference | Methodist University Library Main | Methodist University Library Main | General Stacks | 01/11/2009 | B41 .B53 2005 | 30092 | Books |